000
00244nam a2200097Ia 4500
001
939066
005
20250826215136.0
008
250824s9999 xx 000 0 und d
245
0
_a
KARAGÖZ İLE HACİVAT
_c
YUSUF ASAL
260
_b
AKVARYUM YAYINLARI
999
_c
939066
_d
939066